<?xml version="1.0" encoding="UTF-8"?><?xml-stylesheet type="text/xsl" href="static/style.xsl"?><OAI-PMH xmlns="http://www.openarchives.org/OAI/2.0/" xmlns:xsi="http://www.w3.org/2001/XMLSchema-instance" xsi:schemaLocation="http://www.openarchives.org/OAI/2.0/ http://www.openarchives.org/OAI/2.0/OAI-PMH.xsd"><responseDate>2026-06-07T05:29:17Z</responseDate><request verb="GetRecord" identifier="oai:docta.ucm.es:20.500.14352/132873" metadataPrefix="marc">https://docta.ucm.es/rest/oai/request</request><GetRecord><record><header><identifier>oai:docta.ucm.es:20.500.14352/132873</identifier><datestamp>2026-02-24T00:52:56Z</datestamp><setSpec>com_20.500.14352_14</setSpec><setSpec>col_20.500.14352_15</setSpec></header><metadata><record xmlns="http://www.loc.gov/MARC21/slim" xmlns:dcterms="http://purl.org/dc/terms/" xmlns:xsi="http://www.w3.org/2001/XMLSchema-instance" xmlns:doc="http://www.lyncode.com/xoai" xsi:schemaLocation="http://www.loc.gov/MARC21/slim http://www.loc.gov/standards/marcxml/schema/MARC21slim.xsd">
   <leader>00925njm 22002777a 4500</leader>
   <datafield ind2=" " ind1=" " tag="042">
      <subfield code="a">dc</subfield>
   </datafield>
   <datafield ind2=" " ind1=" " tag="720">
      <subfield code="a">Arrabal Durán, Raúl</subfield>
      <subfield code="e">author</subfield>
   </datafield>
   <datafield ind2=" " ind1=" " tag="720">
      <subfield code="a">Del Olmo Martínez, Rubén</subfield>
      <subfield code="e">author</subfield>
   </datafield>
   <datafield ind2=" " ind1=" " tag="720">
      <subfield code="a">Neves, Cristina</subfield>
      <subfield code="e">author</subfield>
   </datafield>
   <datafield ind2=" " ind1=" " tag="720">
      <subfield code="a">Bastos, Alexandre</subfield>
      <subfield code="e">author</subfield>
   </datafield>
   <datafield ind2=" " ind1=" " tag="720">
      <subfield code="a">Tedim, Joao</subfield>
      <subfield code="e">author</subfield>
   </datafield>
   <datafield ind2=" " ind1=" " tag="260">
      <subfield code="c">2025-05-26</subfield>
   </datafield>
   <datafield ind2=" " ind1=" " tag="520">
      <subfield code="a">Driven by the recent discovery of tannic acid (TA) as an effective green corrosion inhibitor for AA2024 alloy, this study evaluates its suitability as an additive for epoxy (EP) and polyurethane (PU) coatings, both through direct addition and by immobilization into layered double hydroxides (LDH-TA). LDH-TA was characterized by XRD, FTIR, and UV-visible spectrophotometry. Also, its anticorrosion performance was evaluated using EIS. The results show that the direct addition of TA to EP and PU coatings reduces their barrier properties, whereas incorporating LDH-TA into the polyurethane matrix provides superior corrosion protection compared to the epoxy coating. Therefore, LDH-TA-loaded PU coating (PU-LDH-TA) was further characterized through rheology analysis, surface characterization, release studies, and electrochemical techniques (EIS and SVET). The findings indicate that after 28 days, |Z| at 10⁻² Hz for PU-LDH-TA remains over one order of magnitude higher than PU. Besides, upon coating defects, tannate anions released from the polyurethane coating form a protective Al/tannate-rich hy- droxide layer at the defect site. Thus, PU-LDH-TA demonstrates effective active corrosion protection in saline media while maintaining the structural integrity of the coating</subfield>
   </datafield>
   <datafield ind1="8" ind2=" " tag="024">
      <subfield code="a">Del Olmo, Rubén, et al. «Tannic Acid Loading into Polyurethane and Epoxy Coatings: Active Corrosion Protection of AA2024 Alloy». Surfaces and Interfaces, vol. 69, julio de 2025, p. 106800. DOI.org (Crossref), https://doi.org/10.1016/j.surfin.2025.106800.</subfield>
   </datafield>
   <datafield ind1="8" ind2=" " tag="024">
      <subfield code="a">10.1016/j.surfin.2025.106800</subfield>
   </datafield>
   <datafield ind1="8" ind2=" " tag="024">
      <subfield code="a">https://hdl.handle.net/20.500.14352/132873</subfield>
   </datafield>
   <datafield ind1="8" ind2=" " tag="024">
      <subfield code="a">https://doi.org/10.1016/j.surfin.2025.106800</subfield>
   </datafield>
   <datafield ind1="8" ind2=" " tag="024">
      <subfield code="a">https://pdf.sciencedirectassets.com/314133/1-s2.0-S2468023025X00122/1-s2.0-S2468023025010570/main.pdf?X-Amz-Security-Token=IQoJb3JpZ2luX2VjEBAaCXVzLWVhc3QtMSJIMEYCIQDO6tpafybhBlj7xYBfL4E0qtK7%2B7SSdd9s5zPuHl1AOgIhAOBRj3Vx%2Bt4sPWqMob9gxRho5p28olace2PxKcY191KqKrwFCNn%2F%2F%2F%2F%2F%2F%2F%2F%2F%2FwEQBRoMMDU5MDAzNTQ2ODY1Igwt24EEdBbtcxy4X44qkAVd8nTAbopjUVDg5Ff2AJIMHn79hEDq7MpCW9hLntMqILJxuldsY8R%2FYGlGQyHR2RdPybzNJEcH019scou8zhCp7XAnBZm6r2ERCpTOTg120bj9vAj%2Fyh5zF6KO2OUU%2FJmjPdCodp4466lvjGN7O1%2FCRxq89jRJvteUY5PjHWO0NxnxOaJl8a5js%2FLZYgSlozIiYOp80y3U%2BUoCtMIZwrrQpzL2GFfon0uqJKkbw2I2e3NV8lK1UIulRhmupEgGvgOID2B9ImWxC4Fpa4gU1s%2F7J2F%2FkFZpfbrRlgHBI2lZtNvxYGRFrWBq8%2F2a8zXGcpATgL2q67bFbCEkC2Vdp1HrRBVEZ9WaeKlO1vGqxlmlMp1uMCsIywhjiCuHx3%2BU%2Boo33wv7Wq%2FUrJVDyJvYHGonNMSHnMAMNfRLsc4VVGgzBdnCWfGEBAgVBDNOuU07D441%2FtNO9tpRnXtC2RqlfI11M9thKEmou9MDHZRIdtIJC%2FN8KSZNPI470t45keFrsqDWk79uN4jJDcTHKyV%2FXEUaF0m1hqWvTo8%2BU8v0EFbdATiT96zLSbGUK9%2BjFQbbkurhXKF4f24NUXzwZEvfNZ%2FCJRESrJKFdsoZAdGQW6i4vD%2BO7vRtpY%2FIA%2F97GG7lRG0IWiaNl4T7lomVkg%2Bpv1Mec14W47DwzE9AyGmdK1N%2FgIsWdPlH3PkRekBOgaKzRtquDtv%2BRXlHf3rv8KFhEHHTPvzzFwd12ZtjF9eRgRAf%2BrYUVWwJP%2FyIbsMMRPreNE3KxhvujQK1nDnAqyRf5KCy1I%2BPQWqU0vUVoVN5%2BU8fcuyw%2BSSM%2FAQcXn9N5UzHU9%2FPWmZyT3KwlkX2dYvG6uOwZwtw3YYuwdruV2hS31j4MTD5kPDMBjqwAd3g1C%2Bgi%2FlIwBlDUg%2Fu%2Byv1hCTtfbvtyjstO43%2BGHpOr%2FE475Pr9hTovjmSF8VF%2F1niOpAgJ21HBAq7ddZY7NrNEsWkZmq%2B%2BNDfClDOP968oKB5sja%2BfOlK2ZHnRDwNF1b%2BPaYZ4A4DwTXLfXbiHylU1Ov7lVvBudj5dpPvZYsnXLSHCOTBRI4A0kxtqfT9K38g1qcPE%2BheHy2jNX6I7ih%2FbcRbzbccQ5pF1Cn1Trxq&amp;X-Amz-Algorithm=AWS4-HMAC-SHA256&amp;X-Amz-Date=20260223T090453Z&amp;X-Amz-SignedHeaders=host&amp;X-Amz-Expires=300&amp;X-Amz-Credential=ASIAQ3PHCVTYZ3NW53P6%2F20260223%2Fus-east-1%2Fs3%2Faws4_request&amp;X-Amz-Signature=c5cfc2627a7cd1f35dc27bec783243e8ad3e5d52f30925c3165f3cce962654b1&amp;hash=8155c0bc084782a23a023ddfdbcbae54184f5ab3e8a03ebca86f65c5740554fd&amp;host=68042c943591013ac2b2430a89b270f6af2c76d8dfd086a07176afe7c76c2c61&amp;pii=S2468023025010570&amp;tid=spdf-7c66beeb-0e2b-453f-b0ce-711c9a07cabc&amp;sid=c81517fb7c2b304e1a4b4f92f4cf4710055agxrqb&amp;type=client&amp;tsoh=d3d3LnNjaWVuY2VkaXJlY3QuY29t&amp;rh=d3d3LnNjaWVuY2VkaXJlY3QuY29t&amp;ua=031758055d5556020750&amp;rr=9d258ef07b07cfba&amp;cc=es</subfield>
   </datafield>
   <datafield ind2="0" ind1="0" tag="245">
      <subfield code="a">Tannic acid loading into polyurethane and epoxy coatings: Active corrosion protection of AA2024 alloy</subfield>
   </datafield>
</record></metadata></record></GetRecord></OAI-PMH>